Dinossáurios e vida pré-histórica (Registo nº 4130)

Detalhes MARC
000 -Etiqueta do registo
Cabeçalho 00907cam a2200253 4500
005 - Identificador da versão
Campo de controlo 20240813122053.0
010 ## - Número internacional normalizado dos livros (ISBN)
Número (ISBN) 9727071643
100 ## - Dados gerais de processamento
Dados gerais de processamento 20070803d1997 demy0pory5003 ba
102 ## - Pais de publicação ou produção
País de publicação Portugal
101 1# - Língua de publicação
Língua do texto, banda sonora, etc. Português
Língua do documento no original Inglês
215 ## - Descrição física 
Indicação específica da natureza do documento e extensão da espécie 125 p.
Outras indicações físicas muito il. color.
Dimensões 18 cm
200 1# - Titulo e menção de responsabilidade
Título próprio Dinossáurios e vida pré-histórica
Informação de outro título [plantas e animais fascinantes que viveram na Terra antes do homem descritos e ilustrados a cores]
Primeira menção de responsabilidade Pamela Forey
Outras menções de responsabilidade trad. e rev. técn. Ana M. Ferreira
-- adapt. e rev. ci. José M. Brandão
225 1# - Colecção 
Título próprio da colecção Pequenos guias da natureza
210 ## - Publicação, Distribuição, etc. 
Lugar da edição, distribuição, etc. Lisboa
Nome do editor, distribuidor, etc. Plátano
Data da publicação, distribuição, etc. 1997
304 ## - Notas relativas a título e menção de responsabilidade 
Texto da nota Tít. orig.: Dinosaurs & prehistoric life
675 ## - Classificação Decimal Universal (CDU)
Notação 598.1
Edição BN
Língua da edição por
702 ## - Nome de autor-pessoa física (responsabilidade secundária)
Número de registo de entrada de autoridade 0000766
Palavra de ordem Ferreira
Outra parte do nome não tomada para palavra de ordem Ana M.
Código de função Tradutor
-- Revisor
Número de registo de entrada de autoridade 0000767
Palavra de ordem Brandão
Outra parte do nome não tomada para palavra de ordem José M.
Código de função Adaptador
-- Revisor
700 ## - Nome de autor-pessoa física (responsabilidade principal)
Número de registo de entrada de autoridade 0000762
Palavra de ordem Forey
Outra parte do nome não tomada para palavra de ordem Pamela
942 ## - Elementos de entrada adicionados (Koha)
Tipo de item no Koha Livro
Exemplares
Situação do levantamento Origin of item (home branch) (coded) Biblioteca de empréstimo Código de barras Cota Circulation type (not for loan) Tipo de documento Nota do exemplar Damaged status
  Biblioteca Escolar das Vendas Biblioteca Escolar das Vendas BEV609 5ZOO FOR   Livro Sem mensagem